000 01304cam a22003494a 4500
001 13095974
005 20161015102511.0
008 030219s2003 paua b 001 0 eng
010 _a 2003043772
020 _a0-8036-1058-0
035 _a(DNLM)101168296
040 _aDNLM/DLC
_cDLC
_dDLC
042 _apcc
050 0 0 _aRT86.7
_b.Z38 2003
060 1 0 _aWY 128
_bZ39h 2003
082 0 0 _aDC 610.730692
_22003
_bZ1
100 1 _aZaumeyer, Carolyn R.
245 1 0 _aHow to start an independent practice :
_bthe nurse practitioner's guide to success /
_cCarolyn R. Zaumeyer.
260 _aPhiladelphia :
_bF.A. Davis,
_cc2003.
300 _axiv, 317 pages :
_billustrations ;
_c23 cm.
504 _aIncludes bibliographical references and index.
650 0 _aNursing
_xPractice.
650 0 _aNursing practitioners.
650 0 _aNew business enterprises
_xManagement.
650 1 2 _aNurse Practitioners
_xorganization & administration.
650 2 2 _aEntrepreneurship
_xorganization & administration.
650 2 2 _aPrivate Practice
_xorganization & administration.
365 _b3,995.00
_cPhp
906 _a7
_bcbc
_corignew
_d1
_eocip
_f20
_gy-gencatlg
942 _2ddc
_cDC
999 _c5243
_d5243